00772nam a22002057a 450000500170000001000130001702000280003003500130005803700240007108200080009524500770010326000380018027000710021830000250028970000330031470000400034794200220038799900190040995201380042820230904115139.0 aB-755804 a9788181534781c170.00  aB-755804 aDPLbRainbow Books  a000 aRainbow do you know where / ccompiled and edited by Aryan and Aakanksha aNew Delhi bRainbow Books c2016 aF-32, Street No.12, Parwana Road, Jagat Puri, bNew Delhi e110051 a64p.c25cm(Hb)bcol. aAryan ecomp. and ed.955855 aand Aakankshaecomp. and ed.955856 2ddccCHmRAIh000 c197789d197789 001040708NFICaAVbAVd2023-09-04e4.9.23/Giftg220.00l0oRAI 000pB-755804r2023-09-04 00:00:00t1v220.00w2023-09-04yCHzGift